| 000 -LEADER |
| fixed length control field |
00336nam a22001217a 4500 |
| 020 ## - INTERNATIONAL STANDARD BOOK NUMBER |
| International Standard Book Number |
9789356732636 |
| 082 ## - DEWEY DECIMAL CLASSIFICATION NUMBER |
| Classification number |
A99 L154/Si64 |
| 245 ## - TITLE STATEMENT |
| Title |
Light Unto A Cell |
| Statement of responsibility, etc |
Edited by Manish Sinha |
| 250 ## - EDITION STATEMENT |
| Edition statement |
Third Edition |
| 260 ## - PUBLICATION, DISTRIBUTION, ETC. (IMPRINT) |
| Place of publication, distribution, etc |
Chhattisgarh |
| Name of publisher, distributor, etc |
Evincepub Publishing |
| Date of publication, distribution, etc |
2023 |
| 300 ## - PHYSICAL DESCRIPTION |
| Extent |
122p. |
| 650 ## - SUBJECT ADDED ENTRY--TOPICAL TERM |
| Topical term or geographic name as entry element |
Lal, Jagat Narain, 1894-1966 |
| 9 (RLIN) |
51348 |